| 000 | 00458nam a2200157Ia 4500 | ||
|---|---|---|---|
| 008 | 210716s1995 xx 000 0 und d | ||
| 020 | _a0131244884 | ||
| 041 | _aeng | ||
| 082 | _a658.049 YIPG | ||
| 100 | _aYip, George S. | ||
| 245 |
_aTotal global strategy: managing for worldwide competitive advantage. _bmanaging for worldwide competitive advantage. |
||
| 250 | _a1 | ||
| 260 |
_aNew Jersey _bPrentice Hall _c1995 |
||
| 300 | _axxi,260 | ||
| 440 | _vII | ||
| 999 |
_c198196 _d198196 |
||